| 000 | 00776nam a22001577a 4500 | ||
|---|---|---|---|
| 999 |
_c59578 _d59578 |
||
| 005 | 20230320111125.0 | ||
| 008 | 230320c2020 ge ||||| |||| 00| 0 geo d | ||
| 022 | _a15120481 | ||
| 041 | _ageo | ||
| 245 |
_aსაქართველოს უზენაესი სასამართლოს გადაწყვეტილებანი / _bადმინისტრაციულ საქმეებზე. [ყოველთვიური]. განსჯადობა. |
||
| 260 |
_aთბილისი, _c2000. |
||
| 300 | _av. | ||
| 653 | _aსაქართველოს უზენაესი სასამართლოს გადაწყვეტილებანი | ||
| 653 | _aპერიოდიკა | ||
| 942 |
_2udc _cCR |
||